00819nam a22002057a 4500003000900000008004100009040007100050082001700121100002100138245004400159260003600203300003400239440003000273440003700303505019900340650001300539650001400552650001200566700003500578AR-CdUCM190313b ||||| |||| 00| 0 spa d aMUNICIPALIDAD PROVINCIAL DEL CUSCOcBIBLIOTECA MUNICIPAL DEL CUSCO a328.1 /bR71 aRobert, Henry M. aReglas de orden (revisadas) de Robert / aMéxiso D. F. :bUTEHA,c1964. aXXIX, 260 páginas ;c17 cm. aManuales Uteha.n201/201a aCiencias Sociales sección.n14 aContenido: Cómo se dirigen los negocios en las asambleas deliberantes -- Clasificación general de las mociones -- Mociones privilegiadas -- Mociones incidentales -- Mociones subsidiarias ... aMociones aAsambleas aDebates aPalomar, Carlos (traducción)